00286pab a2200121 454500008004000000100001900040245004000059260000900099300001000108362000900118650002200127773001500149180718b1988 xxu||||| |||| 00| 0 eng d aDavey, Kenneth aPaying the bills for urban services c1988 a1-3,6 aJul. aMunicipal Finance aUrban Edge